分割・併合を行うJR駅 - Statistics

General Stats
  • This quiz has been taken 316 times
    299 since last reset
  • The average score is 25 of 75
Answer Stats
Answer % Correct
籠原
73%
熱海
69%
札幌
66%
小金井
63%
岡山
60%
小樽
58%
米原
58%
土浦
56%
姫路
55%
平塚
54%
大月
53%
岐阜
53%
宇多津
53%
京都
52%
多度津
52%
静岡
51%
東京
50%
浜松
50%
帯広
49%
逗子
49%
沼津
49%
高知
49%
日根野
48%
佐倉
47%
徳島
46%
小倉
46%
近江今津
44%
国府津
43%
早岐
43%
松本
42%
誉田
41%
高山
40%
福知山
40%
北見
39%
勝田
38%
網干
36%
和歌山
36%
宮崎
36%
伊予西条
33%
熊本
33%
我孫子
32%
綾部
32%
江北
32%
王寺
31%
草津
31%
倶知安
26%
大府
23%
篠山口
22%
園部
22%
観音寺
20%
後免
20%
南宮崎
20%
大沼
18%
多気
18%
池田
17%
伊勢市
17%
須崎
17%
八幡浜
17%
南福岡
17%
阿南
15%
三次
12%
牟岐
10%
常陸大子
9%
戸狩野沢温泉
8%
備中高梁
8%
香椎
8%
芦別
6%
寒河江
6%
貴生川
6%
粉河
6%
下深川
6%
福崎
5%
豊浦
4%
中込
4%
出雲横田
4%
No matching quizzes found
Score Distribution
Percent of People with Each Score
Percentile by Number Answered
Your Score History
You have not taken this quiz since the last reset